000 00578nam a22002057a 4500
005 20251108165430.0
008 250721s1987 xx 000 0 ara d
082 1 4 _aم/798.2/قيم
100 1 _aالجوزيه، شمس الدين
_eمؤلف
245 1 0 _aالفروسية /
264 1 _aبغداد :
_bدار الشؤون الثقافية،
_c1987.
300 _a165ص.
490 0 _aسلسلة خزانة التراث
650 1 7 _aالفروسية
650 1 7 _aالرمي
650 1 7 _aالخيل
650 1 7 _aتدريب
942 _2ddc
_cREF
999 _c27774
_d27774